مذكرات معهد التخطيط القومى : 168-171 /
يتناول هذا الكتاب التخطيط المالي والأسس المحاسبية التي تتبعها الجمعيات الأهلية الغير هادفة اللربح وذلك في إطار مبدأ توفير المعلومات وإتاحتها مع ضمان عدم استخدام هذه المعلومات لأغراض أخرى....
Saved in:
| 企业作者: | |
|---|---|
| 格式: | 图书 |
| 语言: | 阿拉伯语 |
| 出版: |
القاهرة :
معهد التخطيط القومي،
|
| 主题: | |
| 标签: |
添加标签
没有标签, 成为第一个标记此记录!
|
MARC
| LEADER | 00000nam a22000007a 4500 | ||
|---|---|---|---|
| 003 | INP | ||
| 005 | 20181009115635.0 | ||
| 008 | 180122u ua ||fr|||| 00| 0 ara d | ||
| 952 | |0 0 |1 0 |4 0 |6 338_900000000000000_م_ذ_168_171 |7 0 |8 External N |9 15213 |a INP |b INP |c MAIN |d 2018-09-13 |l 0 |o 338.9 م.ذ 168/171 |p 017300 |r 2022-03-28 00:00:00 |w 2018-09-13 |y EN |0 0 |0 0 | ||
| 999 | |c 13928 |d 13928 | ||
| 040 | |a EG-INP |b ara |c EG-INP | ||
| 082 | 0 | 4 | |a 338.9 |b م.ذ 168/171 |2 21 |
| 110 | 2 | |a معهد التخطيط القومى. | |
| 245 | 1 | 0 | |a مذكرات معهد التخطيط القومى : |b 168-171 / |c معهد التخطيط القومى. |
| 260 | |a القاهرة : |b معهد التخطيط القومي، | ||
| 300 | |a مج. ؛ |c 27 سم. | ||
| 520 | |a يتناول هذا الكتاب التخطيط المالي والأسس المحاسبية التي تتبعها الجمعيات الأهلية الغير هادفة اللربح وذلك في إطار مبدأ توفير المعلومات وإتاحتها مع ضمان عدم استخدام هذه المعلومات لأغراض أخرى. | ||
| 650 | 7 | |a التنمية الاقتصادية. |2 qrmak | |
| 650 | 7 | |a التخطيط. |2 qrmak | |
| 650 | 7 | |a التنمية. |2 qrmak | |
| 651 | 7 | |a مصر |x أحوال اقتصادية. |2 qrmak | |
| 773 | 0 | 8 | |i المحتويات : |
| 773 | 0 | 8 | |i مذكرة رقم 171 : |t أسس نظام الإدارة المحلية. |0 13930 |
| 773 | 0 | 8 | |i مذكرة رقم 170 : |t تبسيط النظرية العامة للمحاسبة القومية واستخداماتها. |0 13934 |
| 773 | 0 | 8 | |i مذكرة رقم 169 : |t planning in the u. a. r. in agriculture. |0 13935 |
| 773 | 0 | 8 | |i مذكرة رقم 168 : |t the applicability and utilization of input - output model in a developing economy. |0 13937 |
| 901 | |a EGPV3 | ||
| 903 | |a original | ||
| 942 | |2 ddc |c EN | ||